00646nam a22001817a 45000050016000000200026000160370017000420820012000591000025000712450041000962600042001372700056001793000022002355000050002579420026003079990017003339520114003502010091300060.0 a9788178804996c800.00 bPansy Books  a796.028 aJohn, Samuel 919633 aSports equipments /cby Samuel John  aNew Delhi bRajat Publications c2010 a4675/21, Ansari Road, DaryaganjbNew Delhi e110002 a272p. c24cm(Hb)  aIncludes bibligraphical references and index  2ddccENh796.028mJOH c45279d45279 0010407-18NFICaAGbAGd2010-09-13g800.00l0o796.028 JOHr2010-09-13 00:00:00t1v800.00w2010-09-13yEN